Statystyki dla Reto x ZetHa x Wroobel - BON APPETIT

Kliknij tutaj aby rozwiązać quiz!

Ogólne statystyki

  • Ten quiz został rozwiązany 33 razy
  • Średni wynik to 6 z 9

Statystyki odpowiedzi

NumerTytułGość% Poprawnych
1Bon appetit
100%
5LocaKronkel Dom
88%
2Aspen
81%
9Dym
78%
6Party2022
75%
4Łobuz
66%
3Bogowie nocy
56%
8Odurzeni
50%
7Tak jak my
38%

Rozkład punktacji

Percentyl według liczby udzielonych odpowiedzi

Procent ludzi z każdym wynikiem

Twoja historia wyników

Nie rozwiązałeś tego quizu